| 000 | 00766cam a22002654a 4500 | ||
|---|---|---|---|
| 005 | 20260322212019.0 | ||
| 008 | data | ||
| 010 | _a 2007920997 | ||
| 020 | _a9780974079264 | ||
| 020 | _a9780974079219 (pbk.) | ||
| 020 | _a0974079219 | ||
| 040 |
_aDLC _cDLC _dDLC |
||
| 050 | 0 | 0 |
_aTL152 _b.G6387 2007 |
| 082 | 0 | 0 |
_a629.28/72 _222 |
| 092 | _a629.28 G6387 2007 | ||
| 100 | 1 | _aGray, Michael E. | |
| 245 | 1 | 0 |
_aAuto upkeep : _bbasic car care, maintenance, and repair / _cMichael E. Gray & Linda E. Gray. |
| 250 | _a2nd ed. | ||
| 260 |
_aNew Windsor, Md. : _bRolling Hills Pub., _cc2007. |
||
| 300 |
_a192 p. : _bill. ; _c28 cm. |
||
| 500 | _aIncludes index. | ||
| 650 | 0 |
_aAutomobiles _xMaintenance and repair _vPopular works. |
|
| 700 | 1 | _aGray, Linda E. | |
| 001 | data | ||
| 999 |
_c434 _d434 |
||